000 00719nam a2200301Ia 4500
005 20260330160928.0
008 008 300114s9999 xx 000 0 eng d
020 _a9780071323581
037 _aEBOOK
040 _aCRL
040 _beng
040 _cCRL
041 _2eng
041 _aeng
084 _qCRL
100 _aSHERMON, GANESH
_91232301
245 0 _aCompetency Based HRM
250 _a1
260 _bMcgraw Hill
260 _c2011
365 _aINR
365 _b58800
650 _aHuman Resource Management
856 _uhttps://resolver.vitalsource.com/9780071323581/?brand=mcgrawhillindia.vitalsource.com
942 _cEBOOK
999 _c1844322
_d1844322